00490 2200193 4500001002100000005001500021035002000036007000300056008004100059020001800100082001000118084001600128100001700144245005900161260004100220856001700261990000900278990000900287INLIS00000000000081120220907083645 a0010-0922000092ta220907 g 0 ind  a9789792671629 a398.2 a398.2 ANN m0 aAnna Martina1 aMengapa Anggang-Anggang bisa berjalan di permukaan air aJakarta :bArmandelta Selaras,c2009 aKoleksi Umum a3668 a3669